header

The too-good wife (Record no. 53226)

MARC details
000 -LEADER
fixed length control field 01608nam a2200397Ia 4500
082 04 - DEWEY DECIMAL CLASSIFICATION NUMBER
Classification number 362.29/13/0952135
100 1# - MAIN ENTRY--AUTHOR NAME
Personal name Borovoy, Amy Beth.
245 14 - TITLE STATEMENT
Title The too-good wife
260 ## - PUBLICATION, DISTRIBUTION, ETC. (IMPRINT)
Place of publication Berkeley :
Name of publisher University of California Press,
Year of publication c2005.
300 ## - PHYSICAL DESCRIPTION
Number of Pages xvii, 234 p.
490 1# - SERIES STATEMENT
Series statement Ethnographic studies in subjectivity ;
650 #0 - SUBJECT ADDED ENTRY--TOPICAL TERM
Topical Term Alcoholics
Topical Term Alcoholics' spouses
Topical Term Parents of drug addicts
Topical Term Codependency
Topical Term Social work with women
Topical Term Sex role
Topical Term Wives
856 40 - ELECTRONIC LOCATION AND ACCESS
Uniform Resource Identifier http://site.ebrary.com/lib/rucke/Doc?id=10091262

No items available.

© 2026 Rongo University
Contact us: librarian | system librarian | Rongo university